000 00648nam a2200205 u 4500
005 20220526063420.0
008 130130s2007 r 000 0 eng d
020 _a9789684942172
035 _aUPN01000189346
049 _aI
050 4 _aPZ23
_bD4.6
100 1 _aDelye, Pierre,
_d1968-
_933412
245 1 1 _a¡Qué hambre la del hombrecito! /
_cPierre Delye ; il. Cécile Hudrisier ; tr. Luis Barbeytia.
260 _aMéxico :
_bCIDCLI,
_c2007.
300 _a[30] p. :
_bil. col
534 _pTítulo original:
_tLa grosse faim de P'tit Bonhomme
650 0 _aCuentos infantiles franceses
_98588
905 _aInfantil
999 _c161449
_d161449